AZ AIDS : tarsadalmi hatterrel /

সংরক্ষণ করুন:
গ্রন্থ-পঞ্জীর বিবরন
প্রধান লেখক: Hancock, Graham (লেখক), Carim, Enver (লেখক)
বিন্যাস: গ্রন্থ
ভাষা:হাঙ্গেরীয়
প্রকাশিত: Budapest : Gondolat, 1987
ট্যাগগুলো: ট্যাগ যুক্ত করুন
কোনো ট্যাগ নেই, প্রথমজন হিসাবে ট্যাগ করুন!

MARC

LEADER 00000nam a22000007i 4500
001 IT\ICCU\UBO\3619637
003 ItRI
005 20260115231959.0
008 090422s1987 hu |||||| ||||| |||||c
020 |a 9632820126 
040 |b ita  |c importazione bologna sebina 
041 7 |a hun  |2 ISO-639-2 
100 1 |a Hancock, Graham  |0 IT\ICCU\UBOV\321930  |4 aut 
240 1 0 |a AIDS : the deadly epidemic  |3 IT\ICCU\UBO\3619642  |9 Hancock, Graham 
245 1 0 |a AZ AIDS :  |b tarsadalmi hatterrel /  |c Graham Hancock es Enver Carim. 
260 |a Budapest :  |b Gondolat,  |c 1987 
300 |a 183 p. ;  |c 20 cm. 
700 1 |a Carim, Enver  |0 IT\ICCU\UBOV\672072  |4 aut 
942 |2 ddc  |c BK  |n 0 
952 |0 0  |1 0  |4 0  |6 A_616_979000000000000_HAN  |7 0  |9 18433  |a BO  |b BO  |d 2026-01-15  |i 1417  |l 0  |o A 616.979 HAN  |p BO1417  |r 2026-01-15 23:19:59  |w 2026-01-15  |x [Sebina 7] [1 v.]  |y BK  |z 1 v. 
999 |c 15599  |d 15599